书目信息 |
| 题名: |
新编法语教程
|
|
| 作者: | 陈伯祥 编著 | |
| 分册: | 上册 | |
| 出版信息: | 北京 北京大学出版社 2009.06 |
|
| 页数: | 259页 | |
| 开本: | 23cm | |
| 丛书名: | ||
| 单 册: | ||
| 中图分类: | H32 | |
| 科图分类: | ||
| 主题词: | 法语--fa yu--高等教育--自学考试--教材 | |
| 电子资源: | ||
| ISBN: | 978-7-301-12973-9 | |
| 000 | 00960nam0 2200265 450 | |
| 001 | 012009455149 | |
| 005 | 20090926100836.21 | |
| 010 | @a978-7-301-12973-9@dCNY39.00 (含光盘) | |
| 016 | @aCN-A20-09-0073-0@b光盘 | |
| 100 | @a20090926d2009 em y0chiy0120 ea | |
| 101 | 0 | @achi@afre |
| 102 | @aCN@b110000 | |
| 105 | @ay z 000yy | |
| 106 | @ar | |
| 200 | 1 | @a新编法语教程@Axin bian fa yu jiao cheng@d= Nouveau manuel de francais@h上册@f陈伯祥编著@Fchen bo xiang bian zhu@zfre |
| 210 | @a北京@c北京大学出版社@d2009.06 | |
| 215 | @a259页@d23cm@e光盘1片 | |
| 330 | @a本书内容:法语字母表,法语语音常识,字母和音素,元音与辅音,开音节和闭音节,重音等本书专业强内容细致,值得学习。 | |
| 510 | 1 | @aNouveau manuel de francais@zfre |
| 517 | 1 | @a法语教程@Afa yu jiao cheng |
| 606 | 0 | @a法语@Afa yu@x高等教育@x自学考试@j教材 |
| 690 | @aH32@v4 | |
| 701 | 0 | @a陈伯祥@Achen bo xiang@4编著 |
| 801 | 0 | @aCN@bQSSK@c20090926 |
| 905 | @b758593-95@dH32@eC377:1@f3 | |
| 新编法语教程= Nouveau manuel de francais.上册/陈伯祥编著.-北京:北京大学出版社,2009.06 |
| 259页;23cm+光盘1片 |
| ISBN 978-7-301-12973-9:CNY39.00 (含光盘) |
| 本书内容:法语字母表,法语语音常识,字母和音素,元音与辅音,开音节和闭音节,重音等本书专业强内容细致,值得学习。 |
| ● |
| 相关链接 |
|
|
|
正题名:新编法语教程
索取号:H32/C377:1
 
预约/预借
| 序号 | 登录号 | 条形码 | 馆藏地/架位号 | 状态 | 备注 |
| 1 | 758593 | 207585932 | 语言库209/209语言库 115排2列6层/ [索取号:H32/C377:1] | 在馆 | |
| 2 | 758594 | 207585941 | 语言库209/209语言库 115排2列6层/ [索取号:H32/C377:1] | 在馆 | |
| 3 | 758595 | 207585950 | 语言库209/209语言库 115排2列6层/ [索取号:H32/C377:1] | 在馆 |